Droga e institución penitenciaria: droga y privación de la libertad (Registro nro. 47)

Detalles MARC
000 -Cabecera
Campo de control de longitud fija 00640aam a2200241 4500
005 - Fecha y hora de la última transacción
Campo de control 20260417155608.0
008 - Elementos de longitud fija--Información general
Campo de control de longitud fija 150717b1986 xxu||||| |||| 00| 0 spa d
020 ## - International Standard Book Number
Número Internacional Estándar del Libro (ISBN) 9501403483
041 ## - Idioma
Código de idioma Español
082 ## - Clasificación Decimal Dewey
Número de clasificación 365.3 G216d
100 ## - Entrada principal--Autor personal
Nombre personal García Valdés, Carlos
9 (RLIN) 14309
245 ## - Título propiamente dicho
Título Droga e institución penitenciaria: droga y privación de la libertad
260 ## - Pie de imprenta
Lugar de publicación, distribución, etc. Argentina
260 ## - Pie de imprenta
Nombre del editor, distribuidor, etc. Depalma
260 ## - Pie de imprenta
Fecha de publicación, distribución, etc. 1986
300 ## - Descripción física
Extensión 94 páginas
490 ## - Serie
Título de la Serie Investigación Criminal
650 ## - Materia general
Temática (materia general) PENITENCIARIAS
650 ## - Materia general
Temática (materia general) DROGAS
650 ## - Materia general
Temática (materia general) INSTITUCIONES PENITENCIARIAS
650 ## - Materia general
Temática (materia general) PRIVACIÓN DE LIBERTAD
942 ## - Punto de acceso adicional KOHA
Tipo de ítem KOHA Libro
Fuente del sistema de clasificación o colocación Dewey Decimal Classification
Existencias
Signatura completa Código de barras Programa Académico Tipo de ítem
365.3 G216d 599 Investigación Criminal Libro